World Cities Based on Location A-Z - #3 - Statistics

General Stats
  • This quiz has been taken 3,674 times
  • The average score is 18 of 26
Answers on the Map
Answers color-coded by a green-red scale on the quiz's map according to % correct below.
 
Answer Stats
Hint World City % Correct
L Lisbon
97%
M Moscow
96%
T Tokyo
95%
I Istanbul
94%
R Rio de Janeiro
94%
W Warsaw
93%
C Chicago
91%
G Glasgow
89%
B Bangkok
85%
N Nairobi
84%
O Orlando
83%
K Kingston
82%
V Valencia
79%
A Adelaide
77%
D Dar es Salaam
74%
H Hong Kong
74%
E El Paso
70%
J Jeddah
70%
F Freetown
66%
Y Yaounde
65%
P Porto-Alegre
48%
S Surabaya
43%
Z Zhengzhou
27%
Q Quetta
24%
U Ulsan
19%
X Xuzhou
11%
No matching quizzes found
Score Distribution
Percent of People with Each Score
Percentile by Number Answered
Your Score History
You have not taken this quiz